Giáo trình lý thuyết tài chính - tiền tệ

Sparad:
Bibliografiska uppgifter
Huvudupphovsman: Nguyễn, Hữu Tài
Materialtyp: Bok
Språk:Undetermined
Publicerad: Hà Nội Thống kê 2002
Ämnen:
Taggar: Lägg till en tagg
Inga taggar, Lägg till första taggen!
Thư viện lưu trữ: Trung tâm Học liệu Trường Đại học Cần Thơ
LEADER 00570nam a2200193Ia 4500
001 CTU_64859
008 210402s9999 xx 000 0 und d
020 |c 35000 
082 |a 332.4 
082 |b T103 
100 |a Nguyễn, Hữu Tài 
245 0 |a Giáo trình lý thuyết tài chính - tiền tệ 
245 0 |c Nguyễn Hữu Tài chủ biên 
260 |a Hà Nội 
260 |b Thống kê 
260 |c 2002 
650 |a Budget,Finance money 
904 |i Năm,Hải 
980 |a Trung tâm Học liệu Trường Đại học Cần Thơ